The voyages of Columbus: 1492-1504
Gespeichert in:
| 1. Verfasser: | |
|---|---|
| Format: | Buch |
| Sprache: | Englisch |
| Veröffentlicht: |
Nueva York
Dorset Press
1991
|
| Schlagworte: | |
| Tags: |
Tag hinzufügen
Keine Tags, Fügen Sie den ersten Tag hinzu!
|
MARC
| LEADER | 00000cam a2200000 a 4500 | ||
|---|---|---|---|
| 001 | UCF4977 | ||
| 003 | CL-VaPUC | ||
| 008 | 130110e19910000US |||||||||||||||||eng|d | ||
| 020 | |a 0880297077 | ||
| 082 | 0 | 4 | |a 910.92 |b CAM |2 21 |
| 100 | 0 | |a Camusso, Lorenzo |e author |9 566699 | |
| 245 | 1 | 4 | |a The voyages of Columbus: 1492-1504 |
| 300 | |a 79 p | ||
| 942 | |c BK | ||
| 945 | |d 20130110 00:00:00 |a dcastane | ||
| 260 | |a Nueva York |b Dorset Press |c 1991 | ||
| 600 | 0 | 7 | |a COLON, CRISTOBAL |2 CL-VaPUC |9 265189 |
| 650 | 0 | |a Viajes |9 257115 | |
| 650 | 0 | |a Descubrimientos geográficos |9 331933 | |
| 650 | 0 | |a Biografías |9 255210 | |
| 583 | |a last modification |c 20130110 11:00:00 |k Rodrigo Vera | ||
| 999 | |c 350635 |d 350633 | ||
| 952 | |0 0 |1 0 |2 ddc |4 0 |6 910_920000000000000_CAM_1991 |7 0 |8 A |9 454173 |a BIBART |b BIBART |d 2019-11-22 |i 4935853 |o 910.92 CAM 1991 |p 4935853 |r 2023-01-11 |w 2019-11-22 |y BK |k ART | ||